000 01219nam0a2200277 i 4500
001 RU\NLR\BIBL_A\011316432
005 20260406121812.0
010 _a9785906912206
_9300
021 _aRU
_b2016-98112
_96522
035 _a(NLR Aleph) 011316432
090 _a11051830
_c11051830
100 _a20170126d2016 u y0rusy50 ca
101 0 _arus
102 _aRU
105 _ay j 000zy
200 1 _aЛитературная работа журналиста
_eучебное пособие
_fАлександр Бобров
_gМоск. гуманит. ун-т
210 _aМосква
_cИзд-во Московского гуманитарного университета
_d2016
215 _a219, [1] с.
_d21
320 _aБиблиогр.: с. 219-220 и в подстроч. примеч.
606 1 _aЖурналисты
_jУчебные издания
_xЛитературное мастерство
_92468264
_3RU\NLR\AUTH\661466168
686 1 _aЧ612.18я7
700 1 _8rus
_7ca
_aБобров
_bА. А.
_cканд. филол. наук, поэт
_f1944-
_gАлександр Александрович
_3RU\NLR\AUTH\77593
_9110639
942 _cBOOK
980 _aNBR